| 000 | 00451nam a2200157 a 4500 | ||
|---|---|---|---|
| 001 | 49716 | ||
| 005 | 20180714034522.0 | ||
| 008 | 140415s1986 000 0 spa d | ||
| 041 | _aspa | ||
| 082 |
_a306.80141 _bISA |
||
| 100 | 1 | _aIsaacs, David. | |
| 245 | 1 | 0 | _aDINAMICA DE LA COMUNICACION EN EL MATRIMONIO |
| 260 |
_a[s.l.] : _bEUNSA, _c1986 |
||
| 300 | _a163 | ||
| 650 | 1 | 4 |
_aEDUCACION PARA LA VIDA FAMILIAR _xMATRIMONIO.COMUNICACION |
| 999 |
_c49716 _d49716 |
||